000 00523nam a2200205 a 4500
001 24
003 CO-ViMGA
008 141112s2004 ck r 000 u spa d
020 _a9580426511
040 _aCO-ViMGA
_bspa
_cCO-ViMGA
082 _a028
_bP355c
100 1 _aPennac, Daniel
_910354
245 1 0 _aComo una novela
250 _a2
260 _aSantafé de Bogotá :
_bNorma,
_c1993
300 _a168 p
650 1 4 _aMetodologia de la lectura
_910355
650 1 4 _aPsicologia de la lectura
_97606
942 _2ddc
_cBK
999 _c11186
_d11186